| 000 | 00421pab a2200169 454500 | ||
|---|---|---|---|
| 008 | 180718b1997 xxu||||| |||| 00| 0 eng d | ||
| 100 | _aPrasad, Pradhan H. | ||
| 245 | _aViolence in Bihar | ||
| 260 | _c1997 | ||
| 300 | _ap.7-8 | ||
| 362 | _a7 Jun | ||
| 650 | _aCivil disturbance - India - Bihar | ||
| 650 | _aViolence - India - Bihar | ||
| 650 | _aPolitics and government | ||
| 773 | _aMainstream | ||
| 909 | _a34032 | ||
| 999 |
_c34032 _d34032 |
||